Διηγήματα : μετά προλόγου
Αποθηκεύτηκε σε:
| Κύριος συγγραφέας: | |
|---|---|
| Μορφή: | Βιβλίο |
| Γλώσσα: | Greek |
| Δημοσίευση: |
Αθήναι :
Σιδέρης, Ι.Ν.,
1929
|
| Έκδοση: | 2η έκδ. |
| Θέματα: | |
| Ετικέτες: |
Προσθήκη ετικέτας
Δεν υπάρχουν, Καταχωρήστε ετικέτα πρώτοι!
|
MARC
| LEADER | 00000cam a2200000 i 4500 | ||
|---|---|---|---|
| 001 | 1/97323 | ||
| 008 | 081114s1929 gre d | ||
| 035 | |l 10101672 | ||
| 040 | |a GR-MY-UA |b gre |e aacr | ||
| 041 | 0 | |a gre | |
| 082 | 0 | |a 889.332 |2 (22) | |
| 100 | 1 | |a Παλαμάς, Κωστής, |d 1859-1943. | |
| 245 | 1 | 0 | |a Διηγήματα : |b μετά προλόγου / |c Κωστή Παλαμά |
| 250 | |a 2η έκδ. | ||
| 260 | |a Αθήναι : |b Σιδέρης, Ι.Ν., |c 1929 | ||
| 300 | |a 207 σ.; |c 21 εκ. | ||
| 650 | 0 | 0 | |a Greek literature, Modern |y 20th century. |
| 650 | 0 | 0 | |a Short stories, Greek (Modern) |
| 650 | 0 | 0 | |a Greek fiction, Modern |y 20th century. |
| 852 | |a INST |b RHODES |c AKA |e 20081114 |h 889.332 ΠΑΛ |p 005400031088 |q 005400031088 |t BK |y 0 | ||
| 901 | |a BIBL4-2008-3 | ||
| 909 | |a Ρ |b 153601 | ||
| 970 | |a ΧΑΡΙΟΠΟΛΙΤΟΥ |b ΚΩΝΣΤΑΝΤΙΝΑ |z 2008/11/14 | ||